000 01162nam a22003018i 4500
001 016328571
003 OSt
005 20141120154806.0
008 130422s2031 xxkad frb f001 0 eng d
020 _a9781107616493 (pbk.)
040 _aStDuBDS
_beng
_cStDuBDS
_dEG-ScBUE
082 0 0 _a332.11
_222
_bCHA
245 0 0 _aChallenges in central banking :
_bthe current institutional environment and forces affecting monetary policy /
_cedited by Pierre L. Siklos, Martin T. Bohl, Mark E. Wohar.
260 _aCambridge, United Kingdom ;
_aNew York, United States :
_bCambridge University Press,
_c2013.
300 _axviii, 398 p. :
_bcharts, tables ;
_c23 cm.
500 _aOriginally published : 2010.
500 _aIndex : p. 393-398.
500 _aIncludes appendixes.
504 _aIncludes bibliographical references.
650 0 _aBanks and banking, Central
_936638
650 0 _a Monetary policy
_95608
653 _bBUSADM
_cNovember2014
655 _vreading book
_934232
700 1 _aSiklos, Pierre L.,
_d1955-
_eeditor.
_936639
700 1 _aBohl, Martin T.
_eeditor.
_936640
700 1 _aWohar, Mark E.
_eeditor.
_936641
942 _2ddc
_k332.11 CHA
999 _c18658
_d18630